Moravians around the world : seven comics about successful Czechs abroad /

Hlavní autor: Nekola, Martin, 1982-
Další autoři: Jaegerová, Anna, Dušek, Jakub, 1982-
Jazyk: Angličtina
Vydáno: Praha : Powerprint, 2023
Vydání: First edition
Témata:
Fyzický popis: 86 stran : ilustrace, portréty ; 26 cm
Knihy
Uloženo v:
LEADER 02160nam a2200577 i 4500
001 nkc20233568153
003 CZ PrNK
005 20240117163915.0
007 ta
008 231120s2023 xr ac g 6 000 1ceng
015 |a cnb003568153 
020 |a 978-80-7568-666-4  |q (vázáno) 
035 |a (OCoLC)1420607778 
040 |a ABG001  |b cze  |d OLA001  |e rda 
041 1 |a eng  |h cze 
043 |a x------  |a e-xr--- 
045 |a x-y- 
072 7 |a 741.52  |x Komiksy. Komiksové adaptace  |2 Konspekt  |9 21 
072 7 |a 929  |x Biografie  |2 Konspekt  |9 8 
080 |a (=1:437.32)  |2 MRF 
080 |a 929-058.1  |2 MRF 
080 |a 929  |2 MRF 
080 |a (100)  |2 MRF 
080 |a (437.3)  |2 MRF 
080 |a (092)741.52  |2 MRF 
100 1 |a Nekola, Martin,  |d 1982-  |7 jx20081017003  |4 aut  |4 edt 
240 1 0 |a Moravané ve světě.  |l Anglicky  |7 aun20241211757 
245 1 0 |a Moravians around the world :  |b seven comics about successful Czechs abroad /  |c scripts: Martin Nekola, Anna Jaegerová ; illustrations: Jakub Dušek ; English translations: Anna Jaegerová 
250 |a First edition 
264 1 |a Praha :  |b Powerprint,  |c 2023 
300 |a 86 stran :  |b ilustrace, portréty ;  |c 26 cm 
336 |a text  |b txt  |2 rdacontent 
336 |a statický obraz  |b sti  |2 rdacontent 
337 |a bez média  |b n  |2 rdamedia 
338 |a svazek  |b nc  |2 rdacarrier 
500 |a Přeloženo z češtiny 
648 7 |a 20.-21. století  |7 ch462155  |2 czenas 
650 0 7 |a Moravané  |7 ph117895  |z země světa  |y 20.-21. století  |2 czenas 
650 0 7 |a osobnosti  |7 ph115615  |z Česko  |y 20.-21. století  |2 czenas 
650 0 9 |a Moravians  |z countries of the world  |y 20th-21st centuries  |2 eczenas 
650 0 9 |a celebrities  |z Czechia  |y 20th-21st centuries  |2 eczenas 
655 7 |a biografické komiksy  |7 fd1057461  |2 czenas 
655 9 |a biographical comics  |2 eczenas 
700 1 |a Jaegerová, Anna  |7 xx0254978  |4 aut  |4 trl 
700 1 |a Dušek, Jakub,  |d 1982-  |7 osa2017965585  |4 ill 
910 2 |a BOA001  |b 3-1514.899 
920 |a 4895839  |z ABG001 
990 |a BK 
995 |a 01 
991 |b 202312  |c NOV 
996 6 |b 2610955111  |c 3-1514.899  |l MZK  |r Sklad / do 1 hodiny  |n 0  |p p.v.  |w 001945668  |u 000010  |a 1  |e BOA001  |j MZK50  |s P